Normal view
MARC view
Entry Personal Name
001 - CONTROL NUMBER
- control field: 857711
003 - CONTROL NUMBER IDENTIFIER
- control field: OSt
005 - DATE AND TIME OF LATEST TRANSACTION
- control field: 20251218110816.0
008 - FIXED-LENGTH DATA ELEMENTS
- fixed length control field: 251218|| aca||aabn | a|a d
040 ## - CATALOGING SOURCE
- Original cataloging agency: OSt
- Transcribing agency: OSt
100 ## - HEADING--PERSONAL NAME
- Personal name: Elliott Anthony
670 ## - SOURCE DATA FOUND
- Source citation: Work cat.: (OSt)580584: 80678, Routledge handbook of identity studies, 2011
